000 00671nam a22002057a 4500
999 _c4115
_d4115
003 AR-CdUCM
008 190308b ||||| |||| 00| 0 spa d
040 _aMUNICIPALIDAD PROVINCIAL DEL CUSCO
_cBIBLIOTECA MUNICIPAL DEL CUSCO
082 _a869.56 /
_bV182
100 _aVallejo, Cesar
_913046
245 _aCesar Vallejo :
_bNovelas y cuentos completos /
260 _aLima:
_bFancisco Moncloa Editores S.A.
_c1970
300 _a292 páginas ;
_c20 cm.
505 _aEscalas -- Sabiduría -- El Tugnesto -- Paco Yunque -- Ineditos
650 _aVallejo
_912219
650 _aCuentos Peruanos
_933
650 _aLiteratura
_9416
942 _2ddc
_cLIBROS
945 _admma